000
00262nam a22001217a 4500
008
210224b ||||| |||| 00| 0 eng d
041
_a
eng
080
_a
61
100
_a
3
101
_a
SHM
245
_a
Methods In Cell Research
_c
Ruthmann,A
942
_2
udc
_c
BK
999
_c
55159
_d
55159